000 00617nam a2200217 a 4500
001 3753182
005 20250121115021.0
008 830421s1983 ilua b 001 0 eng
020 _a0256028087
050 0 0 _aHJ141
_b.H4 1983
082 0 0 _a336
_219
100 1 _aHerber, Bernard P.
245 1 0 _aModern public finance /
_cBernard P. Herber.
250 _a5th ed.
260 _aKrishan Nagar
_bA.I.T.B.S Publishers and Distributors
_c1999.
300 _axv, 468 p. :
_bill. ;
_c24 cm.
440 0 _aIrwin publications in economics
500 _aincludes index
650 0 _aFinance, Public.
942 _2lcc
_cBK
_n0
999 _c2740
_d2740